000 01225nam a2200349 a 4500
001 000108284
003 CHAP
005 20220329144006.0
008 140122s2013 mx |r| |||0|||spa d
010 _a104746
011 _a105718
020 _a978-607-12-0294-9 (Número 9)
020 _a9786071201485 (Colección Tlatemoa)
040 _cCHAP
082 0 4 _a307.72
_bS94
245 1 0 _aSujetos, organizaciones y movimientos sociales en el campo Mexicano II /
_ccoordinado por Juan de la Fuente Hernández.
260 _aChapingo, México :
_bUACH. Departamento de Enseñanza, Investegación y Servicio en Sociologia Rural,
_c2013.
300 _a325 p.
490 _aColección Tlatemoa
_v9
590 _aE5652GLJ
_b05
_c20140122
_lUCH01
_h1301
590 _aE5652GLJ
_b05
_c20140122
_lUCH01
_h1301
590 _aE5765TAJ
_b05
_c20161205
_lUCH01
_h0953
590 _aE5765TAJ
_b05
_c20161205
_lUCH01
_h0956
590 _aE5765TAJ
_b05
_c20170110
_lUCH01
_h0944
590 _aE5765TAJ
_b05
_c20171110
_lUCH01
_h1244
650 1 4 _aMovimientos sociales
_xMéxico.
_979173
700 0 _aFuente Hernández, Juan de la
_ecoord.
_943805
830 0 _aColección Tlatemoa
_v9
_925011
901 _aBK
942 _cLIBRO
942 _n0
999 _c104746
_d104746